Η επανάληψη : η επανάληψη - ο κύκλος της επανάληψης - επαναλαμβάνοντας την επανάληψη
Αποθηκεύτηκε σε:
| Κύριος συγγραφέας: | |
|---|---|
| Άλλοι συγγραφείς: | |
| Μορφή: | Βιβλίο |
| Γλώσσα: | Greek German |
| Δημοσίευση: |
[Αθήνα] :
Παπαζήσης,
1977.
|
| Σειρά: | Φιλοσοφία - Πηγές
|
| Θέματα: | |
| Ετικέτες: |
Προσθήκη ετικέτας
Δεν υπάρχουν, Καταχωρήστε ετικέτα πρώτοι!
|
MARC
| LEADER | 00000cam a2200000 i 4500 | ||
|---|---|---|---|
| 001 | 1/53531 | ||
| 008 | 960329s1977 gr | ||| |||| ||gre|| | ||
| 035 | |l 10027534 | ||
| 040 | |a GR-MyUA |b gre |e AACR2 | ||
| 041 | 1 | |a gre |h ger | |
| 082 | 0 | |a 198.9 | |
| 100 | 1 | |a Kierkegaard, Soren |d 1813-1855. | |
| 245 | 1 | 2 | |a Η επανάληψη : |b η επανάληψη - ο κύκλος της επανάληψης - επαναλαμβάνοντας την επανάληψη / |c Soren Kierkegaard ; εισαγωγή - μετάφραση - σχόλια Σοφία Σκοπετέα. |
| 260 | |a [Αθήνα] : |b Παπαζήσης, |c 1977. | ||
| 300 | |a 501 σ. ; |c 25 εκ. | ||
| 490 | 1 | |a (Φιλοσοφία - Πηγές) | |
| 500 | |a Το αντίτυπο της Ρόδου είναι δεμένο με: Χάλκη: Διεθνής συνάντηση νεολαίας 1986 / Γενική Γραμματεία Νέας Γενιάς | ||
| 500 | |a Τίτλος πρωτοτύπου: Gjentagelsen, et Forsog i den experimenterende Psychologi. | ||
| 650 | 0 | 0 | |a Psychology, Experimental. |
| 700 | 1 | |a Σκοπετέα, Σοφία, |e trlf | |
| 830 | 0 | |a Φιλοσοφία - Πηγές | |
| 852 | |a INST |b CHIOS |e 19960329 |h 198.9 KIE |p 005200006602 |q 005200006602 |t BK |y 0 | ||
| 852 | |a INST |b RHODES |c KRI |e 20050719 |h 198.9 KIE |p 005400022871 |q 005400022871 |t BK |y 0 | ||
| 901 | |a BIBL4-2005-2 | ||
| 909 | |a Χ |b 000443 | ||
| 909 | |a Ρ |b 121894 | ||
| 970 | |a ΚΟΖΑ |b ΜΑΡΙΑ |z 2005/07/19 | ||